Network Design with Applications to Transportation and Logistics.
Uloženo v:
| Další autoři: | , , |
|---|---|
| Médium: | Neznámo |
| Vydáno: |
Cham, Switzerland:
Springer,
2021.
|
| Témata: | |
| Tagy: |
Přidat tag
Žádné tagy, Buďte první, kdo vytvoří štítek k tomuto záznamu!
|
MARC
| LEADER | 00000 a2200000 4500 | ||
|---|---|---|---|
| 003 | CL-VaPUC | ||
| 005 | 20220909101606.0 | ||
| 008 | 220905t2021 ||||| |||| 00| 0 eng d | ||
| 999 | |c 438551 |d 438549 | ||
| 020 | |a 978-3030640170 | ||
| 040 | |c Pontificia Universidad Católica de Valparaíso | ||
| 082 | 7 | |a 658.4032 CRA 2021 |2 22 | |
| 100 | |a Crainic, Teodor Gabriel |9 876019 |e editor | ||
| 245 | |a Network Design with Applications to Transportation and Logistics. | ||
| 260 | |a Cham, Switzerland: |b Springer, |c 2021. | ||
| 300 | |a 669 páginas. | ||
| 583 | |k Cristina María Rojas Aguilar |c 20220905 | ||
| 650 | |a Análisis de red (Planificación) |9 876274 | ||
| 650 | |a Logística |9 485423 | ||
| 700 | |a Gendreau, Michel |e editor |9 876275 | ||
| 700 | |a Gendron, Bernard |e editor |9 876276 | ||
| 942 | |2 ddc |c BK | ||
| 952 | |0 0 |1 0 |2 ddc |4 0 |6 658_403200000000000_CRA_2021 |7 0 |8 A |9 586552 |a BIBING |b BIBING |c GEN |d 2022-09-01 |e 1 |g 167519.00 |i 5654498 |o 658.4032 CRA 2021 |p 5654498 |r 2025-01-20 |t 1 |v 167519.00 |w 2022-09-01 |y BK |k EII | ||